Dolmens in the Levant /
Main Author:
Format: Book
Language: English
Published:
Milton Park, Abingdon, Oxon ; New York, NY :
Routledge,
2018.
Series:
Palestine Exploration Fund annual ;
14.
PEFA ;
14.
Subjects:
Tags: Add Tag
Call Number: DS111 .A1 P28 v.14
| LEADER | 00958namaa2200289 4500 | ||
|---|---|---|---|
| 003 | OSt | ||
| 005 | 20260505105052.0 | ||
| 008 | 130303s2018 enkabf 000 0 eng d | ||
| 020 | |a 9781138551855 | ||
| 040 | |c ARCE Library | ||
| 043 | |a aw----- |a a-is--- | ||
| 050 | 4 | |a DS111 .A1 P28 v.14 | |
| 100 | 1 | |a Fraser, James A., |q (Jamie), |e author | |
| 245 | 1 | 0 | |a Dolmens in the Levant / |c James A. Fraser. |
| 264 | 1 | |a Milton Park, Abingdon, Oxon ; |a New York, NY : |b Routledge, |c 2018. | |
| 300 | |a xix, 374 pages : |b illustrations (some color), maps, plates ; |c 29 cm. | ||
| 490 | 1 | |a Palestine Exploration Fund annual ; |v 14 | |
| 490 | 1 | |a PEFA ; |v 14. | |
| 650 | 0 | |a Excavations (Archaeology) |z Middle East. | |
| 651 | 0 | |a Dolmens |z Palestine. | |
| 651 | 0 | |a Dolmens |z Israel. |9 15825 | |
| 651 | 0 | |a Dolmens |z Middle East. |9 15825 | |
| 830 | 0 | |a Palestine Exploration Fund annual ; |v 14. | |
| 830 | 0 | |a PEFA ; |v 14. | |
| 901 | |a reviewed | ||
| 942 | |c BK |2 lcc | ||
| 999 | |c 628 |d 628 | ||
